Missing Word: Monty Python Film Quotes Quiz Stats

 Plays Quiz Updated Nov 21, 2015

Challenge
Share
Tweet
Embed
Score 0/20 Timer 03:00
0 Plays Today
Quote Missing Word % Correct
Always look on the ______ side of lifeBright
92.6%
It's just a _____ woundFlesh
88%
Item six on the agenda: 'The meaning of ____ 'Life
87.7%
We are the _______ who say... NIKnights
77.1%
And now for something __________ differentCompletely
76.9%
An _______ or European swallow?African
65%
I ____ in your general directionFart
61.6%
He's not the Messiah. He's a very _______ boy!Naughty
46.3%
She turned me into a ____ ! Newt
45.2%
It's a Mr. _____ , or something. He's here about the reaping. Death
44.8%
Quote Missing Word % Correct
He's a __________ and he's OKLumberjack
43.6%
THIS IS AN EX- ______ ! PARROT
33%
I have to push the ____ a lotPram
27.7%
What have the ______ ever done for us? Romans
26.8%
And finally, a wafer thin ____ Mint
26%
Vewy well, I shall... Welease... _____ !Bwian
17.8%
Ah, I see you have the machine that goes ____ Ping
17.7%
Alms for an ex- _____ ! Leper
16.9%
It's every man's right to have ______ if he wants themBabies
10.8%
Lucky I didn't tell them about the dirty _____ Knife
10.5%

Today's Daily Dose

You're not logged in!

Compare scores with friends on all Sporcle quizzes.
OR
Log In

You Might Also Like...

Show Comments

Extras

Top Quizzes Today


Score Distribution

Your Account Isn't Verified!

In order to create a playlist on Sporcle, you need to verify the email address you used during registration. Go to your Sporcle Settings to finish the process.

Report this User

Report this user for behavior that violates our Community Guidelines.

Details: